000 00259nam a2200109Ia 4500
008 200302s9999 xx 000 0 und d
100 _aHenry Plummer
245 _aThe experience of Architecture
260 _bThames and Hudson
260 _c2016
300 _a287
999 _c6244
_d6244